[Event "EU-Cup 33rd"]
[Site "Antalya"]
[Date "2017.10.13"]
[Round "6.5"]
[White "Barnaure, Vlad Victor"]
[Black "Sasikiran, Krishnan"]
[Result "1/2-1/2"]
[WhiteElo "2476"]
[BlackElo "2677"]
[PlyCount "61"]
[EventDate "2017.10.08"]
[EventType "team-swiss"]
[EventRounds "7"]
[EventCountry "TUR"]
[SourceTitle "CBM 181"]
[Source "ChessBase"]
[SourceDate "2017.11.10"]
[SourceVersion "1"]
[SourceVersionDate "2017.11.10"]
[SourceQuality "1"]
[WhiteTeam "Baia Mare"]
[BlackTeam "Novy Bor"]
[WhiteTeamCountry "ROU"]
[BlackTeamCountry "CZE"]

1. d4 d5 2. Nf3 Nf6 3. c4 c6 4. Nc3 e6 5. e3 Nbd7 6. Qc2 Bd6 7. Be2 0-0 8. 0-0 Re8 9. Rd1 Qe7 10. h3 b6 11. e4 Nxe4 12. Nxe4 dxe4 13. Qxe4 Bb7 14. Bg5 f6 15. Bf4 Bxf4 16. Qxf4 c5 17. Qc7 Rab8 18. dxc5 Nxc5 19. Qxe7 Rxe7 20. b4 Ne4 21. Rac1 a5 22. a3 axb4 23. axb4 Ra8 24. Nd2 Ra2 25. Nxe4 Bxe4 26. Bf1 Rb2 27. b5 e5 28. Rd6 Rb7 29. Re1 Bg6 30. f4 Rb1 31. Rxb1 1/2-1/2

[Event "ROM-chT"]
[Site "Calimanesti Caciulata"]
[Date "2016.11.24"]
[Round "6.3"]
[White "Rogozenco, Dorian"]
[Black "Barnaure, Vlad Victor"]
[Result "1/2-1/2"]
[WhiteElo "2481"]
[BlackElo "2480"]
[PlyCount "85"]
[EventDate "2016.11.19"]
[EventType "team-tourn"]
[EventRounds "9"]
[EventCountry "ROU"]
[SourceTitle "CBM 175 Extra"]
[Source "ChessBase"]
[SourceDate "2016.12.12"]
[SourceVersion "1"]
[SourceVersionDate "2016.12.12"]
[SourceQuality "1"]
[WhiteTeam "Timisoara Medicina"]
[BlackTeam "Baia Mare"]
[WhiteTeamCountry "ROU"]
[BlackTeamCountry "ROU"]

1. d4 Nf6 2. c4 c6 3. Nc3 d5 4. Nf3 e6 5. Bg5 h6 6. Bh4 Be7 7. e3 Nbd7 8. Bd3 0-0 9. 0-0 dxc4 10. Bxc4 b5 11. Bd3 Bb7 12. Rc1 a6 13. Bxf6 Nxf6 14. Ne4 Nd7 15. a3 a5 16. Bb1 b4 17. Qc2 g6 18. axb4 axb4 19. Rfd1 Ra5 20. Nfd2 Qa8 21. Nb3 Rh5 22. Nec5 Nxc5 23. Nxc5 Bxc5 24. dxc5 Rd8 25. e4 Qb8 26. g3 Ba6 27. Rd2 Kg7 28. Qd1 Rxd2 29. Qxd2 Qb5 30. Qd4+ e5 31. Qe3 g5 32. Rd1 g4 33. Bd3 Qa4 34. Qe2 Bxd3 35. Rxd3 Rg5 36. Rd6 b3 37. Kg2 h5 38. Qe3 Rg6 39. Rd3 Qa1 40. Rxb3 Qd1 41. Rb7 Qd8 42. Rb3 h4 43. gxh4 1/2-1/2

[Event "EU-ch 16th"]
[Site "Jerusalem"]
[Date "2015.03.04"]
[Round "8"]
[White "Erenberg, Ariel"]
[Black "Barnaure, Vlad Victor"]
[Result "0-1"]
[WhiteElo "2278"]
[BlackElo "2508"]
[PlyCount "176"]
[EventDate "2015.02.24"]
[EventType "swiss"]
[EventRounds "11"]
[EventCountry "ISR"]
[SourceTitle "CBM 166"]
[Source "ChessBase"]
[SourceDate "2015.05.11"]
[SourceVersion "1"]
[SourceVersionDate "2015.05.11"]
[SourceQuality "1"]

1. d4 Nf6 2. c4 e6 3. Nc3 Bb4 4. f3 c5 5. d5 0-0 6. e4 d6 7. Nge2 Re8 8. Nf4 Bxc3+ 9. bxc3 e5 10. Ne2 Nbd7 11. g4 h5 12. Ng3 hxg4 13. fxg4 Nh7 14. h4 Ndf8 15. g5 f6 16. Qh5 g6 17. Qh6 Re7 18. h5 Rg7 19. Be2 fxg5 20. Be3 gxh5 21. Qxh5 Ng6 22. Qh6 Nf4 23. Bxf4 exf4 24. Nh5 Rf7 25. Qg6+ Kf8 26. Nxf4 Qf6 27. Rxh7 Qxc3+ 28. Kf2 Rxf4+ 29. Kg2 Qxa1 30. Qxd6+ Kg8 31. Qg6+ Kf8 32. Qh6+ Kg8 33. Qg6+ Kf8 34. Qh6+ Kg8 35. Re7 Bh3+ 36. Qxh3 Rh4 37. Qe6+ Kh8 38. Qe5+ Qxe5 39. Rxe5 Rf8 40. d6 Rd8 41. Re6 Kg8 42. e5 b5 43. cxb5 c4 44. Re7 c3 45. Rc7 Re4 46. Bc4+ Kh8 47. d7 Rxd7 48. Rxd7 c2 49. Rd8+ Kg7 50. Rd7+ Kf8 51. Rf7+ Ke8 52. Rf1 Rxc4 53. Rc1 Ke7 54. a4 Rc5 55. a5 Rxb5 56. Rxc2 Ke6 57. Rc7 Rxa5 58. Rg7 Kf5 59. Re7 a6 60. e6 Re5 61. Kf3 Rxe6 62. Rf7+ Rf6 63. Rg7 Rb6 64. Rf7+ Kg6 65. Ra7 Rb3+ 66. Kg4 Rb4+ 67. Kf3 Ra4 68. Rc7 Rf4+ 69. Kg3 a5 70. Rc6+ Kh5 71. Rc5 Ra4 72. Rc8 Ra3+ 73. Kg2 Kh4 74. Rc7 Ra2+ 75. Kg1 a4 76. Rc3 g4 77. Kh1 Rb2 78. Ra3 Rb4 79. Kg2 Kg5 80. Rc3 Rb2+ 81. Kg1 Rb3 82. Rc4 a3 83. Ra4 Kh4 84. Kf2 Kh3 85. Ra8 Rf3+ 86. Ke2 Kg2 87. Rg8 g3 88. Ra8 a2 0-1

[Event "ROM-chT"]
[Site "Calimanesti"]
[Date "2014.11.09"]
[Round "2.5"]
[White "Manolache, Marius"]
[Black "Barnaure, Vlad Victor"]
[Result "1-0"]
[WhiteElo "2504"]
[BlackElo "2512"]
[PlyCount "153"]
[EventDate "2014.11.08"]
[EventType "team-tourn"]
[EventRounds "9"]
[EventCountry "ROU"]
[SourceTitle "EXT 2015"]
[Source "ChessBase"]
[SourceDate "2014.11.20"]
[SourceVersion "1"]
[SourceVersionDate "2014.11.20"]
[SourceQuality "1"]
[WhiteTeam "Timisoara Medicina"]
[BlackTeam "Baia Mare"]
[WhiteTeamCountry "ROU"]
[BlackTeamCountry "ROU"]

1. d4 Nf6 2. c4 e6 3. Nf3 d5 4. Nc3 c6 5. e3 a6 6. a3 Nbd7 7. Qc2 b5 8. c5 Qe7 9. b4 Bb7 10. a4 Qd8 11. Bd3 Be7 12. 0-0 0-0 13. axb5 axb5 14. Rxa8 Qxa8 15. Ne5 g6 16. f4 Qc8 17. Rf3 Ne8 18. Bd2 f5 19. Rf1 Nxe5 20. dxe5 Qd7 21. Ne2 Nc7 22. Nd4 Ra8 23. Qb2 Qe8 24. h3 Bc8 25. Kh2 Bd7 26. Rg1 Qf7 27. g4 Bf8 28. Bc3 Bg7 29. Nf3 Bh6 30. Bd4 Qe7 31. Rg2 Kf7 32. Qb1 Rg8 33. Ra2 Ra8 34. Rxa8 Nxa8 35. Qa1 Nc7 36. Qa7 Be8 37. Qb7 Bf8 38. Bc3 Qd7 39. gxf5 gxf5 40. Nd4 Be7 41. Be1 Bd8 42. Be2 Kg8 43. Bf3 Be7 44. Kg2 Bd8 45. Kf1 Be7 46. Ke2 Bd8 47. Kd3 Be7 48. Bd2 Bh4 49. Nb3 Kf8 50. Na5 Ke7 51. Qb8 Qd8 52. Qb6 Qd7 53. Nb7 Bg6 54. Nd6 Kf8 55. Qb7 Kg7 56. Bc3 Kf8 57. Kd2 Kg7 58. Be2 Kf8 59. Bd4 Bd8 60. Kc3 Kg8 61. Bd3 Kf8 62. Kb3 Kg8 63. Qb8 Na6 64. Qa8 Nc7 65. Qb7 Bh5 66. Kb2 Bg6 67. Be2 Kf8 68. Bxb5 cxb5 69. c6 Qe7 70. Bc5 Kg8 71. Nxf5 Qe8 72. Nd4 Be4 73. Qc8 Kf7 74. Bd6 Qg8 75. Qd7+ Kg6 76. Bxc7 Bxc7 77. Qxc7 1-0

[Event "Abu Dhabi op 22nd"]
[Site "Abu Dhabi"]
[Date "2014.08.28"]
[Round "9"]
[White "Rakhmanov, Alexander"]
[Black "Barnaure, Vlad Victor"]
[Result "1-0"]
[WhiteElo "2626"]
[BlackElo "2513"]
[PlyCount "51"]
[EventDate "2014.08.20"]
[EventType "swiss"]
[EventRounds "9"]
[EventCountry "UAE"]
[SourceTitle "CBM 162 Extra"]
[Source "ChessBase"]
[SourceDate "2014.10.17"]
[SourceVersion "1"]
[SourceVersionDate "2014.10.17"]
[SourceQuality "1"]

1. c4 e6 2. e4 c5 3. Nc3 Nc6 4. f4 Nd4 5. Nce2 Ne7 6. Nxd4 cxd4 7. Nf3 Nc6 8. Bd3 Bd6 9. e5 Be7 10. Qe2 d5 11. cxd5 Qxd5 12. Be4 Qc5 13. d3 Bd7 14. Bd2 Qb6 15. 0-0 a5 16. Be1 Bc5 17. Rc1 Rc8 18. Ng5 g6 19. f5 Be7 20. Nxf7 exf5 21. Bd5 0-0 22. e6 Be8 23. Bg3 Rd8 24. Bb3 Rxf7 25. exf7+ Bxf7 26. Rxc6 1-0

[Event "Abu Dhabi op 22nd"]
[Site "Abu Dhabi"]
[Date "2014.08.26"]
[Round "7"]
[White "Barnaure, Vlad Victor"]
[Black "Efimenko, Zahar"]
[Result "1/2-1/2"]
[WhiteElo "2513"]
[BlackElo "2641"]
[PlyCount "58"]
[EventDate "2014.08.20"]
[EventType "swiss"]
[EventRounds "9"]
[EventCountry "UAE"]
[SourceTitle "CBM 162 Extra"]
[Source "ChessBase"]
[SourceDate "2014.10.17"]
[SourceVersion "1"]
[SourceVersionDate "2014.10.17"]
[SourceQuality "1"]

1. c4 e5 2. g3 Nc6 3. Bg2 f5 4. Nc3 Nf6 5. e3 d5 6. Nxd5 Nxd5 7. cxd5 Nb4 8. d3 Nxd5 9. Nf3 Bd6 10. 0-0 Nf6 11. b3 0-0 12. Bb2 Re8 13. Nd2 c6 14. Nc4 Bc7 15. Re1 Bd7 16. Rc1 Qe7 17. Ba3 Qe6 18. e4 fxe4 19. dxe4 Rad8 20. Nd6 Bxd6 21. Qxd6 Qxd6 22. Bxd6 Bh3 23. Bc7 Rd7 24. Bxh3 Rxc7 25. f3 Rd8 26. Red1 Rxd1+ 27. Rxd1 Kf8 28. Kf2 Ke7 29. f4 exf4 1/2-1/2

[Event "Abu Dhabi op 22nd"]
[Site "Abu Dhabi"]
[Date "2014.08.25"]
[Round "6"]
[White "Ganguly, Surya Shekhar"]
[Black "Barnaure, Vlad Victor"]
[Result "0-1"]
[WhiteElo "2614"]
[BlackElo "2513"]
[PlyCount "102"]
[EventDate "2014.08.20"]
[EventType "swiss"]
[EventRounds "9"]
[EventCountry "UAE"]
[SourceTitle "CBM 162 Extra"]
[Source "ChessBase"]
[SourceDate "2014.10.17"]
[SourceVersion "1"]
[SourceVersionDate "2014.10.17"]
[SourceQuality "1"]

1. e4 c5 2. Nf3 Nc6 3. d4 cxd4 4. Nxd4 g6 5. Nc3 Bg7 6. Be3 Nf6 7. Bc4 0-0 8. Bb3 d5 9. exd5 Na5 10. Qf3 Bg4 11. Qg3 Bh5 12. d6 exd6 13. 0-0 Nxb3 14. Nxb3 Re8 15. Bd4 Be2 16. Nxe2 Rxe2 17. Qd3 Re6 18. f4 Ne8 19. f5 Bxd4+ 20. Nxd4 Rf6 21. Rf2 Ng7 22. Raf1 gxf5 23. Nxf5 Rxf5 24. Rxf5 Nxf5 25. Qxf5 Qb6+ 26. Rf2 Qxb2 27. Qxf7+ Kh8 28. h3 Rg8 29. Re2 Qd4+ 30. Kh2 Qh4 31. Kh1 Qg5 32. Qf2 b6 33. Qd4+ Qg7 34. Qxd6 Qa1+ 35. Kh2 Qg7 36. a4 h6 37. c3 Qg5 38. Qd4+ Rg7 39. Re8+ Kh7 40. Qe4+ Qg6 41. Qe2 Qg3+ 42. Kh1 Qg5 43. Re3 Qg6 44. Re7 Qb1+ 45. Kh2 Qg6 46. Rxg7+ Kxg7 47. Qg4 Qxg4 48. hxg4 Kf6 49. Kh3 a5 50. Kh4 b5 51. axb5 Ke7 0-1

[Event "Abu Dhabi op 22nd"]
[Site "Abu Dhabi"]
[Date "2014.08.23"]
[Round "4"]
[White "Tissir, Mohamed"]
[Black "Barnaure, Vlad Victor"]
[Result "1/2-1/2"]
[WhiteElo "2366"]
[BlackElo "2513"]
[PlyCount "72"]
[EventDate "2014.08.20"]
[EventType "swiss"]
[EventRounds "9"]
[EventCountry "UAE"]
[SourceTitle "CBM 162 Extra"]
[Source "ChessBase"]
[SourceDate "2014.10.17"]
[SourceVersion "1"]
[SourceVersionDate "2014.10.17"]
[SourceQuality "1"]

1. e4 d6 2. d4 Nf6 3. Nc3 c6 4. Be3 Nbd7 5. Qd2 e5 6. f3 Be7 7. 0-0-0 Qa5 8. Kb1 b5 9. Nd5 Qxd2 10. Nxf6+ Nxf6 11. Rxd2 Be6 12. Ne2 0-0 13. Nc1 exd4 14. Bxd4 d5 15. Bxf6 Bxf6 16. exd5 Bxd5 17. Bd3 Rfd8 18. Rhd1 Bg5 19. Re2 Bf4 20. Rf1 g6 21. h3 Bh6 22. Rfe1 Be6 23. Nb3 Bf8 24. Nc1 Rab8 25. Be4 c5 26. g4 c4 27. f4 Bc5 28. f5 gxf5 29. gxf5 Bd5 30. c3 Kg7 31. f6+ Kxf6 32. Bxh7 Be6 33. Rf1+ Kg7 34. Bf5 Bd5 35. Be4 Be6 36. Bf5 Bd5 1/2-1/2

[Event "Commonwealth-ch"]
[Site "Glasgow"]
[Date "2014.07.08"]
[Round "9"]
[White "Lalith, Babu MR"]
[Black "Barnaure, Vlad Victor"]
[Result "1-0"]
[WhiteElo "2561"]
[BlackElo "2518"]
[PlyCount "65"]
[EventDate "2014.06.30"]
[EventType "swiss"]
[EventRounds "9"]
[EventCountry "SCO"]
[SourceTitle "CBM 161 Extra"]
[Source "ChessBase"]
[SourceDate "2014.08.29"]
[SourceVersion "1"]
[SourceVersionDate "2014.08.29"]
[SourceQuality "1"]

1. d4 c5 2. d5 Nf6 3. Nc3 d6 4. e4 a6 5. a4 e6 6. Nf3 Be7 7. Bc4 exd5 8. Nxd5 0-0 9. 0-0 Nxd5 10. Bxd5 Nd7 11. Qd3 Nb6 12. Bb3 a5 13. Bf4 Be6 14. c4 Ra6 15. Rad1 Nd7 16. Bc2 g6 17. b3 f6 18. Qe3 Qe8 19. Nd2 Ne5 20. Nb1 Rf7 21. Nc3 Bf8 22. Bg3 Qe7 23. f4 Bh6 24. Qe1 Nc6 25. f5 gxf5 26. Bxd6 Qe8 27. exf5 Bd7 28. Qxe8+ Bxe8 29. Bxc5 Bf8 30. Ne4 Nb4 31. Rd8 Nxc2 32. Rxe8 Kg7 33. Rf3 1-0

[Event "Commonwealth-ch"]
[Site "Glasgow"]
[Date "2014.07.07"]
[Round "8"]
[White "McNab, Colin Anderson"]
[Black "Barnaure, Vlad Victor"]
[Result "0-1"]
[WhiteElo "2443"]
[BlackElo "2518"]
[PlyCount "122"]
[EventDate "2014.06.30"]
[EventType "swiss"]
[EventRounds "9"]
[EventCountry "SCO"]
[SourceTitle "CBM 161 Extra"]
[Source "ChessBase"]
[SourceDate "2014.08.29"]
[SourceVersion "1"]
[SourceVersionDate "2014.08.29"]
[SourceQuality "1"]

1. Nf3 Nf6 2. c4 g6 3. g3 Bg7 4. Bg2 0-0 5. 0-0 c6 6. b3 d5 7. Bb2 Nbd7 8. d4 Ne4 9. cxd5 cxd5 10. Nc3 Nxc3 11. Bxc3 Nf6 12. Ne5 Qb6 13. e3 h5 14. Qe2 Bg4 15. f3 Be6 16. Rfc1 Rfc8 17. Bd2 Nd7 18. Nxd7 Bxd7 19. Rxc8+ Rxc8 20. Rc1 Rxc1+ 21. Bxc1 Qc6 22. Ba3 Bf5 23. Bxe7 Qe6 24. Bc5 b6 25. Ba3 Bxd4 26. Kf2 Bc3 27. Bb2 Qf6 28. Bxc3 Qxc3 29. e4 dxe4 30. fxe4 Be6 31. Qe3 Qa5 32. Qe2 Qe5 33. Qd2 Qf6+ 34. Kg1 Qa1+ 35. Kf2 Kg7 36. Bf3 a5 37. Ke3 Qg1+ 38. Kd3 Kh7 39. Qg2 Qa1 40. Qd2 Qe5 41. Qc3 Qd6+ 42. Ke3 Qa3 43. Qc2 Qb4 44. Qd2 Qc5+ 45. Qd4 Qc1+ 46. Qd2 Qg1+ 47. Qf2 Qa1 48. Qd2 b5 49. Qxa5 Qg1+ 50. Kd3 Qxh2 51. Qxb5 Qxg3 52. Ke2 h4 53. Qc5 h3 54. Qf2 Qe5 55. Qh4+ Kg7 56. Kf2 Qh2+ 57. Ke3 Qxa2 58. Kf4 Qh2+ 59. Ke3 Qg1+ 60. Kd3 Qb1+ 61. Kd4 Qxb3 0-1

[Event "Commonwealth-ch"]
[Site "Glasgow"]
[Date "2014.07.04"]
[Round "4"]
[White "Das, Arghyadip"]
[Black "Barnaure, Vlad Victor"]
[Result "0-1"]
[WhiteElo "2435"]
[BlackElo "2518"]
[PlyCount "100"]
[EventDate "2014.06.30"]
[EventType "swiss"]
[EventRounds "9"]
[EventCountry "SCO"]
[SourceTitle "CBM 161 Extra"]
[Source "ChessBase"]
[SourceDate "2014.08.29"]
[SourceVersion "1"]
[SourceVersionDate "2014.08.29"]
[SourceQuality "1"]

1. e4 c6 2. d4 d5 3. e5 Bf5 4. Nf3 e6 5. Be2 Ne7 6. Nbd2 Nd7 7. Nb3 h6 8. 0-0 Qc7 9. Bd2 Bh7 10. a4 a6 11. a5 Nc8 12. c4 Be4 13. Rc1 Qd8 14. Re1 dxc4 15. Bxc4 Bd5 16. Bd3 Na7 17. Nc5 Nxc5 18. dxc5 Nb5 19. b4 Qd7 20. Bf4 g5 21. Bg3 0-0-0 22. Bf1 Be7 23. Nd4 h5 24. Nxb5 cxb5 25. h3 h4 26. Bh2 Bc6 27. Qg4 Qd4 28. Rcd1 Qxg4 29. hxg4 Bd5 30. f3 Bb3 31. Rb1 Ba4 32. Kh1 Rd2 33. Bg1 Rhd8 34. Be3 Rc2 35. Kg1 Rd5 36. Bf2 Rc3 37. Rb2 Bd8 38. g3 hxg3 39. Bxg3 Rxf3 40. Bh2 Rd4 41. Be2 Rb3 42. Rxb3 Bxb3 43. Rb1 Bd5 44. Kf2 Rd2 45. Ke3 Ra2 46. Bg3 Ra3+ 47. Kf2 Bc7 48. Rd1 Rb3 49. Rd4 Rxg3 50. Rxd5 Rb3 0-1

[Event "Golden Sands Europe op 3rd"]
[Site "Golden Sands"]
[Date "2014.06.15"]
[Round "6"]
[White "Barnaure, Vlad Victor"]
[Black "Kukov, Velislav"]
[Result "1-0"]
[WhiteElo "2518"]
[BlackElo "2410"]
[PlyCount "65"]
[EventDate "2014.06.10"]
[EventType "swiss"]
[EventRounds "9"]
[EventCountry "BUL"]
[SourceTitle "CBM 160 Extra"]
[Source "ChessBase"]
[SourceDate "2014.07.01"]
[SourceVersion "1"]
[SourceVersionDate "2014.07.01"]
[SourceQuality "1"]

1. Nf3 d6 2. d4 Bg4 3. e4 e6 4. h3 Bh5 5. Nc3 c6 6. g4 Bg6 7. Qe2 Nf6 8. h4 h5 9. g5 Nfd7 10. Bh3 Na6 11. Bf4 Be7 12. a3 Nc7 13. Bg3 d5 14. 0-0 Nf8 15. Ne5 Bd6 16. Rae1 Rg8 17. Nxg6 Nxg6 18. f4 Rh8 19. exd5 cxd5 20. Qh2 Qe7 21. f5 Bxg3 22. Qxg3 Nf8 23. fxe6 fxe6 24. Rxf8+ Kxf8 25. Nxd5 Nxd5 26. Rxe6 Qc7 27. Qf3+ Kg8 28. Qxd5 Qg3+ 29. Bg2 Kh7 30. Qe4+ Kg8 31. g6 Rf8 32. Re8 Qd6 33. Qd5+ 1-0

[Event "ROM-ch"]
[Site "Targu Mures"]
[Date "2014.05.04"]
[Round "11"]
[White "Barnaure, Vlad Victor"]
[Black "Berescu, Alin Mile"]
[Result "1/2-1/2"]
[WhiteElo "2508"]
[BlackElo "2459"]
[PlyCount "100"]
[EventDate "2014.04.26"]
[EventType "swiss"]
[EventRounds "11"]
[EventCountry "ROU"]
[SourceTitle "CBM 160 Extra"]
[Source "ChessBase"]
[SourceDate "2014.07.01"]
[SourceVersion "1"]
[SourceVersionDate "2014.07.01"]
[SourceQuality "1"]

1. g3 c5 2. Bg2 Nc6 3. e4 g6 4. Ne2 Bg7 5. c3 e5 6. d3 Nge7 7. Be3 d6 8. 0-0 0-0 9. a3 a5 10. a4 Be6 11. Na3 Rb8 12. Nb5 b6 13. d4 exd4 14. cxd4 Bc4 15. Rc1 Bxe2 16. Qxe2 Nxd4 17. Bxd4 cxd4 18. Rfd1 Rc8 19. Rxc8 Qxc8 20. Nxd4 Qc5 21. Qd2 Rd8 22. Nb5 Qc4 23. Ra1 Qb3 24. Nd4 Qc4 25. Nb5 Qb3 26. Qd1 Qb4 27. Rc1 Qxb2 28. Rc7 Rc8 29. Qxd6 Rxc7 30. Qxc7 Qb1+ 31. Bf1 Qxe4 32. Nd6 Qe6 33. Qxb6 Nf5 34. Qd8+ Bf8 35. Nc4 Qc6 36. Qxa5 Nd4 37. Nd2 Qc1 38. Kg2 Qc6+ 39. Kg1 Qc1 40. Kg2 Qc6+ 41. f3 Qc2 42. Bc4 Bc5 43. Kh3 Qf5+ 44. g4 Qg5 45. Ne4 Qf4 46. Qxc5 Nxf3 47. Ng3 Ng5+ 48. Kh4 Nf3+ 49. Kh3 Ng5+ 50. Kh4 Nf3+ 1/2-1/2

[Event "ROM-ch"]
[Site "Targu Mures"]
[Date "2014.04.30"]
[Round "6"]
[White "Parligras, Mircea Emilian"]
[Black "Barnaure, Vlad Victor"]
[Result "1/2-1/2"]
[WhiteElo "2565"]
[BlackElo "2508"]
[PlyCount "27"]
[EventDate "2014.04.26"]
[EventType "swiss"]
[EventRounds "11"]
[EventCountry "ROU"]
[SourceTitle "CBM 160 Extra"]
[Source "ChessBase"]
[SourceDate "2014.07.01"]
[SourceVersion "1"]
[SourceVersionDate "2014.07.01"]
[SourceQuality "1"]

1. d4 Nf6 2. c4 e6 3. Nf3 d5 4. Nc3 dxc4 5. e4 Bb4 6. Bg5 c5 7. Bxc4 cxd4 8. Nxd4 Bxc3+ 9. bxc3 Qa5 10. Nb5 Nxe4 11. Bf4 0-0 12. 0-0 Bd7 13. a4 Bc6 14. Bc7 1/2-1/2

[Event "SCO-ch 119th"]
[Site "Glasgow"]
[Date "2012.07.09"]
[Round "3"]
[White "Barnaure, Vlad Victor"]
[Black "Cilia Vincenti, David"]
[Result "1-0"]
[WhiteElo "2511"]
[BlackElo "2091"]
[PlyCount "59"]
[EventDate "2012.07.07"]
[EventType "swiss"]
[EventRounds "9"]
[EventCountry "SCO"]
[SourceTitle "CBM 149 Extra"]
[Source "ChessBase"]
[SourceDate "2012.08.24"]
[SourceVersion "1"]
[SourceVersionDate "2012.08.24"]
[SourceQuality "1"]

1. c4 e6 2. d4 f5 3. g3 Nf6 4. Bg2 c6 5. Nf3 d5 6. 0-0 Bd6 7. b3 Qe7 8. Ne5 0-0 9. Qc2 Nbd7 10. Bb2 a5 11. e3 Ne4 12. f3 Ng5 13. Nd3 b5 14. Nd2 bxc4 15. bxc4 Ba6 16. e4 f4 17. e5 Bb4 18. gxf4 Bxd2 19. Qxd2 Nf7 20. cxd5 cxd5 21. f5 exf5 22. f4 Nb6 23. Rfc1 Bc4 24. a4 Rfc8 25. Ba3 Qe8 26. Nb2 Rab8 27. Bc5 Nd7 28. Nxc4 Nxc5 29. dxc5 dxc4 30. Rxc4 1-0